000
002690000a22000970004500
100
1
_a
Carasik, Michael
245
1
0
_a
Who were the "men of Hezekiah" (Proverbs 25:1)
300
_a
Vol. 44, Num. 3 (Julio, 1994), Páginas 289-300
773
0
_t
Vetus Testamentum
942
_c
ANA
999
_c
57952
_d
57952